[Event "English Schools Championship Final 2024"]
[Site "Nottingham University Kings Meadow Campus, United Kingdom"]
[Date "2024.06.27"]
[Round "3.30"]
[White "Lucey, Cathal"]
[Black "Hill, Zac"]
[Result "1-0"]
[TimeControl "G50' + 10\" per move."]
[WhiteElo "1643"]
[BlackElo "1715"]

1. e4 {[%clk 00:50:14]} {[%emt 00:00:06]} e5 {[%clk 00:50:03]} {[%emt
00:00:17]} 2. Nf3 {[%clk 00:50:20]} {[%emt 00:00:05]} Nc6 {[%clk 00:49:52]}
{[%emt 00:00:20]} 3. d4 {[%clk 00:50:27]} {[%emt 00:00:04]} exd4 {[%clk
00:49:30]} {[%emt 00:00:32]} 4. Bc4 {[%clk 00:50:28]} {[%emt 00:00:10]} Bc5
{[%clk 00:49:12]} {[%emt 00:00:27]} 5. c3 {[%clk 00:50:32]} {[%emt 00:00:07]}
dxc3 {[%clk 00:48:45]} {[%emt 00:00:35]} 6. Bxf7+ {[%clk 00:50:32]} {[%emt
00:00:12]} Kf8 {[%clk 00:48:03]} {[%emt 00:00:52]} 7. Nxc3 {[%clk 00:45:25]}
{[%emt 00:05:17]} d6 {[%clk 00:46:59]} {[%emt 00:01:13]} 8. Bc4 {[%clk
00:42:50]} {[%emt 00:02:46]} Bg4 {[%clk 00:46:39]} {[%emt 00:00:29]} 9. Qd5
{[%clk 00:39:00]} {[%emt 00:04:01]} Qe7 {[%clk 00:44:05]} {[%emt 00:02:44]} 10.
Ng5 {[%clk 00:36:21]} {[%emt 00:02:50]} Nf6 {[%clk 00:40:20]} {[%emt 00:03:52]}
11. Qf7+ {[%clk 00:33:17]} {[%emt 00:03:18]} Qxf7 {[%clk 00:39:31]} {[%emt
00:00:45]} 12. Nxf7 {[%clk 00:32:45]} {[%emt 00:00:55]} Rg8 {[%clk 00:39:07]}
{[%emt 00:00:32]} 13. h3 {[%clk 00:31:35]} {[%emt 00:01:24]} Bh5 {[%clk
00:35:32]} {[%emt 00:03:41]} 14. Ng5 {[%clk 00:31:23]} {[%emt 00:00:24]} Rh8
{[%clk 00:35:08]} {[%emt 00:00:34]} 15. Ne6+ {[%clk 00:30:35]} {[%emt
00:00:59]} Ke7 {[%clk 00:34:29]} {[%emt 00:00:48]} 16. Nxc7 {[%clk 00:30:24]}
{[%emt 00:00:22]} Raf8 {[%clk 00:33:56]} {[%emt 00:00:42]} 17. Bg5 {[%clk
00:27:24]} {[%emt 00:03:10]} Bd4 {[%clk 00:30:23]} {[%emt 00:03:43]} 18. Bxf6+
{[%clk 00:22:13]} {[%emt 00:05:22]} Bxf6 {[%clk 00:29:11]} {[%emt 00:01:20]} 19.
N7d5+ {[%clk 00:22:06]} {[%emt 00:00:19]} Kd7 {[%clk 00:28:19]} {[%emt
00:01:02]} 20. Nxf6+ {[%clk 00:21:25]} {[%emt 00:00:52]} Rxf6 {[%clk 00:27:37]}
{[%emt 00:00:51]} 21. Nd5 {[%clk 00:21:14]} {[%emt 00:00:22]} Rff8 {[%clk
00:27:24]} {[%emt 00:00:21]} 22. f3 {[%clk 00:20:55]} {[%emt 00:00:31]} Bf7
{[%clk 00:26:15]} {[%emt 00:01:18]} 23. Ne3 {[%clk 00:19:40]} {[%emt 00:01:25]}
Bxc4 {[%clk 00:24:43]} {[%emt 00:01:41]} 24. Nxc4 {[%clk 00:19:34]} {[%emt
00:00:17]} Kc7 {[%clk 00:24:09]} {[%emt 00:00:43]} 25. O-O {[%clk 00:19:17]}
{[%emt 00:00:28]} Rd8 {[%clk 00:23:45]} {[%emt 00:00:34]} 26. Rac1 {[%clk
00:19:02]} {[%emt 00:00:26]} Kb8 {[%clk 00:23:42]} {[%emt 00:00:11]} 27. Rfd1
{[%clk 00:18:50]} {[%emt 00:00:23]} Kc7 {[%clk 00:22:42]} {[%emt 00:01:10]} 28.
Na5 {[%clk 00:18:15]} {[%emt 00:00:44]} Rhe8 {[%clk 00:22:21]} {[%emt
00:00:31]} 29. b4 {[%clk 00:18:06]} {[%emt 00:00:20]} Re5 {[%clk 00:21:42]}
{[%emt 00:00:48]} 30. Rd5 {[%clk 00:16:36]} {[%emt 00:01:42]} Kb6 {[%clk
00:20:13]} {[%emt 00:01:38]} 31. Nc4+ {[%clk 00:16:23]} {[%emt 00:00:23]} 1-0

[Event "English Schools Championship Final 2024"]
[Site "Nottingham University Kings Meadow Campus, United Kingdom"]
[Date "2024.06.27"]
[Round "3.31"]
[White "Zhu, Pengxiao"]
[Black "Morris Dawson, Miles"]
[Result "1-0"]
[TimeControl "G50' + 10\" per move."]
[WhiteFideId "499307"]
[BlackFideId "468878"]
[WhiteElo "2126"]
[BlackElo "1660"]

1. d4 {[%clk 00:50:14]} {[%emt 00:00:03]} d5 {[%clk 00:50:15]} {[%emt
00:00:08]} 2. c4 {[%clk 00:50:20]} {[%emt 00:00:04]} e6 {[%clk 00:50:20]}
{[%emt 00:00:05]} 3. Nc3 {[%clk 00:50:25]} {[%emt 00:00:05]} Nf6 {[%clk
00:50:23]} {[%emt 00:00:07]} 4. cxd5 {[%clk 00:50:31]} {[%emt 00:00:04]} exd5
{[%clk 00:50:19]} {[%emt 00:00:14]} 5. Bg5 {[%clk 00:50:37]} {[%emt 00:00:04]}
Bb4 {[%clk 00:49:48]} {[%emt 00:00:41]} 6. e3 {[%clk 00:50:23]} {[%emt
00:00:23]} Bf5 {[%clk 00:49:04]} {[%emt 00:00:55]} 7. Qf3 {[%clk 00:49:58]}
{[%emt 00:00:34]} Be4 {[%clk 00:42:50]} {[%emt 00:06:24]} 8. Bxf6 {[%clk
00:49:47]} {[%emt 00:00:21]} gxf6 {[%clk 00:42:38]} {[%emt 00:00:22]} 9. Qd1
{[%clk 00:49:18]} {[%emt 00:00:39]} Nd7 {[%clk 00:42:03]} {[%emt 00:00:45]} 10.
f3 {[%clk 00:48:14]} {[%emt 00:01:14]} Bg6 {[%clk 00:41:51]} {[%emt 00:00:22]}
11. Qb3 {[%clk 00:48:15]} {[%emt 00:00:11]} Bxc3+ {[%clk 00:41:07]} {[%emt
00:00:53]} 12. bxc3 {[%clk 00:47:51]} {[%emt 00:00:34]} Nb6 {[%clk 00:39:18]}
{[%emt 00:01:58]} 13. h4 {[%clk 00:47:13]} {[%emt 00:00:48]} Bf5 {[%clk
00:38:33]} {[%emt 00:00:55]} 14. Ne2 {[%clk 00:46:24]} {[%emt 00:01:00]} Qe7
{[%clk 00:36:24]} {[%emt 00:02:18]} 15. Kf2 {[%clk 00:46:05]} {[%emt 00:00:30]}
Nc4 {[%clk 00:35:45]} {[%emt 00:00:49]} 16. e4 {[%clk 00:44:18]} {[%emt
00:01:57]} Bxe4 {[%clk 00:28:00]} {[%emt 00:07:54]} 17. fxe4 {[%clk 00:44:21]}
{[%emt 00:00:07]} Qxe4 {[%clk 00:28:02]} {[%emt 00:00:09]} 18. Rh3 {[%clk
00:44:12]} {[%emt 00:00:18]} O-O-O {[%clk 00:24:42]} {[%emt 00:03:30]} 19. Qb1
{[%clk 00:43:14]} {[%emt 00:01:08]} Qe6 {[%clk 00:22:43]} {[%emt 00:02:09]} 20.
Nf4 {[%clk 00:40:12]} {[%emt 00:03:12]} Qg4 {[%clk 00:20:40]} {[%emt 00:02:13]}
21. Nxd5 {[%clk 00:38:25]} {[%emt 00:01:58]} Nd2 {[%clk 00:16:18]} {[%emt
00:04:31]} 22. Ne7+ {[%clk 00:38:13]} {[%emt 00:00:22]} Kd7 {[%clk 00:16:07]}
{[%emt 00:00:21]} 23. Qf5+ {[%clk 00:37:51]} {[%emt 00:00:32]} Qxf5+ {[%clk
00:15:45]} {[%emt 00:00:31]} 24. Nxf5 {[%clk 00:37:59]} {[%emt 00:00:03]} Ne4+
{[%clk 00:15:38]} {[%emt 00:00:18]} 25. Kg1 {[%clk 00:37:53]} {[%emt 00:00:14]}
Rhg8 {[%clk 00:15:12]} {[%emt 00:00:37]} 26. Re1 {[%clk 00:37:11]} {[%emt
00:00:53]} Nd2 {[%clk 00:13:11]} {[%emt 00:02:11]} 27. Bd3 {[%clk 00:36:40]}
{[%emt 00:00:40]} Rde8 {[%clk 00:11:13]} {[%emt 00:02:10]} 28. Rxe8 {[%clk
00:36:11]} {[%emt 00:00:37]} Rxe8 {[%clk 00:11:15]} {[%emt 00:00:08]} 29. Re3
{[%clk 00:35:58]} {[%emt 00:00:23]} Rxe3 {[%clk 00:10:19]} {[%emt 00:01:07]} 30.
Nxe3 {[%clk 00:35:49]} {[%emt 00:00:07]} 1-0

[Event "English Schools Championship Final 2024"]
[Site "Nottingham University Kings Meadow Campus, United Kingdom"]
[Date "2024.06.27"]
[Round "3.32"]
[White "Crompton, Josh"]
[Black "Hill, Charlie"]
[Result "0-1"]
[TimeControl "G50' + 10\" per move."]
[WhiteFideId "343415342"]
[BlackFideId "343401791"]
[WhiteElo "1662"]
[BlackElo "1688"]

1. e4 {[%clk 00:50:17]} {[%emt 00:00:02]} c5 {[%clk 00:50:13]} {[%emt
00:00:07]} 2. Nf3 {[%clk 00:50:15]} {[%emt 00:00:13]} d6 {[%clk 00:50:22]}
{[%emt 00:00:01]} 3. d4 {[%clk 00:50:17]} {[%emt 00:00:08]} Nf6 {[%clk
00:50:29]} {[%emt 00:00:03]} 4. Bb5+ {[%clk 00:49:43]} {[%emt 00:00:43]} Bd7
{[%clk 00:50:08]} {[%emt 00:00:32]} 5. Bxd7+ {[%clk 00:49:42]} {[%emt
00:00:11]} Nbxd7 {[%clk 00:50:15]} {[%emt 00:00:02]} 6. Nc3 {[%clk 00:49:41]}
{[%emt 00:00:12]} g6 {[%clk 00:49:23]} {[%emt 00:01:02]} 7. O-O {[%clk
00:49:00]} {[%emt 00:00:50]} cxd4 {[%clk 00:49:03]} {[%emt 00:00:32]} 8. Nxd4
{[%clk 00:48:11]} {[%emt 00:00:58]} Bg7 {[%clk 00:49:08]} {[%emt 00:00:05]} 9.
Be3 {[%clk 00:48:04]} {[%emt 00:00:17]} O-O {[%clk 00:46:58]} {[%emt 00:02:20]}
10. h3 {[%clk 00:48:00]} {[%emt 00:00:14]} e6 {[%clk 00:46:14]} {[%emt
00:00:54]} 11. Ndb5 {[%clk 00:46:44]} {[%emt 00:01:27]} d5 {[%clk 00:45:09]}
{[%emt 00:01:15]} 12. exd5 {[%clk 00:45:20]} {[%emt 00:01:33]} exd5 {[%clk
00:45:15]} {[%emt 00:00:05]} 13. Nxd5 {[%clk 00:44:57]} {[%emt 00:00:33]} Qa5
{[%clk 00:38:59]} {[%emt 00:06:26]} 14. Nxf6+ {[%clk 00:41:43]} {[%emt
00:03:24]} Nxf6 {[%clk 00:39:04]} {[%emt 00:00:05]} 15. Nd4 {[%clk 00:40:58]}
{[%emt 00:00:54]} Rfd8 {[%clk 00:36:27]} {[%emt 00:02:46]} 16. Qe2 {[%clk
00:39:36]} {[%emt 00:01:33]} Rd7 {[%clk 00:34:08]} {[%emt 00:02:29]} 17. Qb5
{[%clk 00:36:09]} {[%emt 00:03:37]} Qxb5 {[%clk 00:33:00]} {[%emt 00:01:19]} 18.
Nxb5 {[%clk 00:36:11]} {[%emt 00:00:07]} a6 {[%clk 00:32:53]} {[%emt 00:00:16]}
19. Na3 {[%clk 00:34:29]} {[%emt 00:01:53]} Rad8 {[%clk 00:31:36]} {[%emt
00:01:27]} 20. c3 {[%clk 00:33:48]} {[%emt 00:00:51]} b5 {[%clk 00:30:05]}
{[%emt 00:01:42]} 21. Bb6 {[%clk 00:29:14]} {[%emt 00:04:43]} Rb8 {[%clk
00:29:42]} {[%emt 00:00:32]} 22. Bd4 {[%clk 00:28:36]} {[%emt 00:00:49]} Rc8
{[%clk 00:26:38]} {[%emt 00:03:14]} 23. Rad1 {[%clk 00:27:36]} {[%emt
00:01:10]} Re8 {[%clk 00:24:35]} {[%emt 00:02:13]} 24. Bxf6 {[%clk 00:26:10]}
{[%emt 00:01:37]} Rxd1 {[%clk 00:24:42]} {[%emt 00:00:02]} 25. Rxd1 {[%clk
00:26:08]} {[%emt 00:00:12]} Bxf6 {[%clk 00:24:50]} {[%emt 00:00:02]} 26. Rd2
{[%clk 00:25:09]} {[%emt 00:01:10]} Bg5 {[%clk 00:24:49]} {[%emt 00:00:11]} 27.
Rc2 {[%clk 00:25:08]} {[%emt 00:00:11]} Kg7 {[%clk 00:23:40]} {[%emt 00:01:19]}
28. Kf1 {[%clk 00:24:51]} {[%emt 00:00:27]} f5 {[%clk 00:23:25]} {[%emt
00:00:25]} 29. b3 {[%clk 00:24:12]} {[%emt 00:00:49]} Re4 {[%clk 00:19:58]}
{[%emt 00:03:37]} 30. Re2 {[%clk 00:23:41]} {[%emt 00:00:41]} Rf4 {[%clk
00:15:32]} {[%emt 00:04:35]} 31. f3 {[%clk 00:22:52]} {[%emt 00:00:59]} b4
{[%clk 00:14:33]} {[%emt 00:01:09]} 32. cxb4 {[%clk 00:22:28]} {[%emt
00:00:35]} Rxb4 {[%clk 00:14:19]} {[%emt 00:00:24]} 33. Re6 {[%clk 00:22:06]}
{[%emt 00:00:32]} a5 {[%clk 00:14:00]} {[%emt 00:00:28]} 34. Ra6 {[%clk
00:21:44]} {[%emt 00:00:32]} Rd4 {[%clk 00:12:48]} {[%emt 00:01:22]} 35. Nc4
{[%clk 00:21:12]} {[%emt 00:00:43]} Bd8 {[%clk 00:11:00]} {[%emt 00:01:57]} 36.
Nxa5 {[%clk 00:20:50]} {[%emt 00:00:33]} Rd2 {[%clk 00:09:26]} {[%emt
00:01:44]} 37. Nc4 {[%clk 00:19:01]} {[%emt 00:01:59]} Rc2 {[%clk 00:09:13]}
{[%emt 00:00:22]} 38. a4 {[%clk 00:17:24]} {[%emt 00:01:47]} Bh4 {[%clk
00:08:36]} {[%emt 00:00:47]} 39. Ne3 {[%clk 00:12:02]} {[%emt 00:05:33]} Rb2
{[%clk 00:08:24]} {[%emt 00:00:21]} 40. Ra7+ {[%clk 00:11:12]} {[%emt
00:01:01]} Kh6 {[%clk 00:08:03]} {[%emt 00:00:31]} 41. Rb7 {[%clk 00:10:49]}
{[%emt 00:00:32]} Rf2+ {[%clk 00:06:53]} {[%emt 00:01:20]} 42. Kg1 {[%clk
00:10:20]} {[%emt 00:00:39]} Ra2 {[%clk 00:06:33]} {[%emt 00:00:29]} 43. Nd1
{[%clk 00:08:33]} {[%emt 00:01:58]} Rd2 {[%clk 00:06:01]} {[%emt 00:00:39]} 44.
Nc3 {[%clk 00:07:49]} {[%emt 00:00:58]} Bg3 {[%clk 00:05:11]} {[%emt 00:00:57]}
45. Kf1 {[%clk 00:04:12]} {[%emt 00:03:49]} Rd3 {[%clk 00:04:08]} {[%emt
00:01:13]} 46. a5 {[%clk 00:00:14]} {[%emt 00:04:08]} Rxc3 {[%clk 00:04:12]}
{[%emt 00:00:07]} 47. a6 {[%clk 00:00:21]} {[%emt 00:00:03]} Re3 {[%clk
00:04:17]} {[%emt 00:00:04]} 0-1

[Event "English Schools Championship Final 2024"]
[Site "Nottingham University Kings Meadow Campus, United Kingdom"]
[Date "2024.06.27"]
[Round "3.33"]
[White "Dong, Vincent"]
[Black "Stephens, Scott"]
[Result "0-1"]
[TimeControl "G50' + 10\" per move."]
[BlackFideId "343427626"]
[WhiteElo "1621"]
[BlackElo "1613"]

1. e4 {[%clk 00:50:17]} {[%emt 00:00:03]} c5 {[%clk 00:50:11]} {[%emt
00:00:10]} 2. Nf3 {[%clk 00:50:21]} {[%emt 00:00:05]} d6 {[%clk 00:50:13]}
{[%emt 00:00:09]} 3. Bb5+ {[%clk 00:50:24]} {[%emt 00:00:07]} Bd7 {[%clk
00:50:11]} {[%emt 00:00:11]} 4. Bxd7+ {[%clk 00:50:27]} {[%emt 00:00:07]} Qxd7
{[%clk 00:50:12]} {[%emt 00:00:10]} 5. O-O {[%clk 00:50:28]} {[%emt 00:00:09]}
Nc6 {[%clk 00:49:51]} {[%emt 00:00:30]} 6. Re1 {[%clk 00:50:21]} {[%emt
00:00:18]} g6 {[%clk 00:49:25]} {[%emt 00:00:35]} 7. c3 {[%clk 00:49:43]}
{[%emt 00:00:49]} Bg7 {[%clk 00:48:49]} {[%emt 00:00:46]} 8. d3 {[%clk
00:49:09]} {[%emt 00:00:44]} Nf6 {[%clk 00:47:26]} {[%emt 00:01:33]} 9. h3
{[%clk 00:48:27]} {[%emt 00:00:52]} O-O {[%clk 00:47:05]} {[%emt 00:00:30]} 10.
Bf4 {[%clk 00:45:39]} {[%emt 00:02:58]} b5 {[%clk 00:36:48]} {[%emt 00:10:28]}
11. d4 {[%clk 00:41:51]} {[%emt 00:03:58]} cxd4 {[%clk 00:34:36]} {[%emt
00:02:22]} 12. cxd4 {[%clk 00:41:29]} {[%emt 00:00:32]} e6 {[%clk 00:31:49]}
{[%emt 00:02:57]} 13. Qd3 {[%clk 00:33:31]} {[%emt 00:08:08]} a6 {[%clk
00:29:07]} {[%emt 00:02:52]} 14. Bh2 {[%clk 00:31:59]} {[%emt 00:01:42]} Rfc8
{[%clk 00:26:25]} {[%emt 00:02:51]} 15. a3 {[%clk 00:28:27]} {[%emt 00:03:43]}
d5 {[%clk 00:18:07]} {[%emt 00:08:28]} 16. e5 {[%clk 00:23:45]} {[%emt
00:04:52]} Ne8 {[%clk 00:18:11]} {[%emt 00:00:06]} 17. Nbd2 {[%clk 00:22:53]}
{[%emt 00:01:02]} Na7 {[%clk 00:10:04]} {[%emt 00:08:17]} 18. Nb3 {[%clk
00:20:52]} {[%emt 00:02:10]} Bf8 {[%clk 00:10:05]} {[%emt 00:00:10]} 19. Rac1
{[%clk 00:16:16]} {[%emt 00:04:46]} Rxc1 {[%clk 00:09:52]} {[%emt 00:00:23]} 20.
Rxc1 {[%clk 00:16:13]} {[%emt 00:00:13]} Rc8 {[%clk 00:09:40]} {[%emt
00:00:23]} 21. Qe3 {[%clk 00:12:44]} {[%emt 00:03:38]} b4 {[%clk 00:08:26]}
{[%emt 00:01:24]} 22. axb4 {[%clk 00:10:04]} {[%emt 00:02:50]} Bxb4 {[%clk
00:08:29]} {[%emt 00:00:06]} 23. Nc5 {[%clk 00:09:39]} {[%emt 00:00:36]} Bxc5
{[%clk 00:08:21]} {[%emt 00:00:18]} 24. dxc5 {[%clk 00:09:29]} {[%emt
00:00:19]} Kg7 {[%clk 00:06:19]} {[%emt 00:02:13]} 25. Qa3 {[%clk 00:08:48]}
{[%emt 00:00:51]} Qb7 {[%clk 00:04:57]} {[%emt 00:01:31]} 26. Nd4 {[%clk
00:06:56]} {[%emt 00:02:03]} Nb5 {[%clk 00:04:31]} {[%emt 00:00:35]} 27. Qb4
{[%clk 00:05:40]} {[%emt 00:01:27]} Rb8 {[%clk 00:03:38]} {[%emt 00:01:02]} 28.
Nxb5 {[%clk 00:05:08]} {[%emt 00:00:43]} Qxb5 {[%clk 00:03:43]} {[%emt
00:00:05]} 29. Qxb5 {[%clk 00:05:07]} {[%emt 00:00:11]} Rxb5 {[%clk 00:03:46]}
{[%emt 00:00:06]} 30. Rc2 {[%clk 00:04:38]} {[%emt 00:00:40]} Nc7 {[%clk
00:03:23]} {[%emt 00:00:33]} 31. Bf4 {[%clk 00:04:21]} {[%emt 00:00:26]} Rb4
{[%clk 00:03:19]} {[%emt 00:00:15]} 32. Bg5 {[%clk 00:03:58]} {[%emt 00:00:32]}
Rb8 {[%clk 00:01:23]} {[%emt 00:02:07]} 33. Be7 {[%clk 00:03:39]} {[%emt
00:00:28]} Nb5 {[%clk 00:01:23]} {[%emt 00:00:11]} 34. Bd6 {[%clk 00:03:31]}
{[%emt 00:00:14]} Rc8 {[%clk 00:01:03]} {[%emt 00:00:33]} 35. c6 {[%clk
00:03:21]} {[%emt 00:00:20]} f6 {[%clk 00:00:37]} {[%emt 00:00:37]} 36. c7
{[%clk 00:02:42]} {[%emt 00:00:49]} fxe5 {[%clk 00:00:33]} {[%emt 00:00:14]} 37.
Bxe5+ {[%clk 00:02:36]} {[%emt 00:00:16]} Kf7 {[%clk 00:00:37]} {[%emt
00:00:06]} 38. Rc6 {[%clk 00:02:19]} {[%emt 00:00:25]} Ke7 {[%clk 00:00:37]}
{[%emt 00:00:11]} 39. Rxa6 {[%clk 00:02:01]} {[%emt 00:00:29]} Nxc7 {[%clk
00:00:25]} {[%emt 00:00:21]} 40. Ra7 {[%clk 00:01:35]} {[%emt 00:00:36]} Kd7
{[%clk 00:00:23]} {[%emt 00:00:12]} 41. Ra4 {[%clk 00:00:47]} {[%emt 00:00:59]}
Nb5 {[%clk 00:00:15]} {[%emt 00:00:18]} 42. Bf6 {[%clk 00:00:36]} {[%emt
00:00:20]} Ke8 {[%clk 00:00:21]} {[%emt 00:00:04]} 43. Rh4 {[%clk 00:00:41]}
{[%emt 00:00:06]} Kf7 {[%clk 00:00:27]} {[%emt 00:00:04]} 44. Be5 {[%clk
00:00:44]} {[%emt 00:00:06]} Kg8 {[%clk 00:00:24]} {[%emt 00:00:14]} 45. Kh2
{[%clk 00:00:39]} {[%emt 00:00:14]} Rc2 {[%clk 00:00:14]} {[%emt 00:00:20]} 46.
Rb4 {[%clk 00:00:37]} {[%emt 00:00:12]} Na7 {[%clk 00:00:12]} {[%emt 00:00:12]}
47. Bd4 {[%emt 00:00:13]} Nc6 {[%clk 00:00:17]} 48. Ra4 {[%clk 00:00:22]}
{[%emt 00:00:27]} Nxd4 {[%clk 00:00:24]} {[%emt 00:00:03]} 49. Rxd4 {[%clk
00:00:30]} {[%emt 00:00:02]} Rxb2 {[%clk 00:00:32]} {[%emt 00:00:02]} 50. Kg3
{[%clk 00:00:38]} {[%emt 00:00:03]} Kf7 {[%clk 00:00:29]} {[%emt 00:00:12]} 51.
Ra4 {[%clk 00:00:35]} {[%emt 00:00:13]} Rb7 {[%clk 00:00:35]} {[%emt 00:00:04]}
52. Rf4+ {[%clk 00:00:42]} {[%emt 00:00:03]} Ke7 {[%clk 00:00:33]} {[%emt
00:00:10]} 53. Kg4 {[%clk 00:00:45]} {[%emt 00:00:09]} Kd6 {[%clk 00:00:37]}
{[%emt 00:00:05]} 54. Kg5 {[%clk 00:00:40]} {[%emt 00:00:15]} Ke5 {[%clk
00:00:16]} {[%emt 00:00:31]} 55. Rf3 {[%clk 00:00:38]} {[%emt 00:00:13]} d4
{[%clk 00:00:21]} {[%emt 00:00:06]} 56. h4 {[%clk 00:00:28]} {[%emt 00:00:19]}
Kd5 {[%clk 00:00:19]} {[%emt 00:00:11]} 57. Kf6 {[%clk 00:00:26]} {[%emt
00:00:13]} e5 {[%clk 00:00:14]} {[%emt 00:00:15]} 58. Ra3 {[%clk 00:00:19]}
{[%emt 00:00:17]} Rc7 {[%clk 00:00:20]} {[%emt 00:00:04]} 59. Ra5+ {[%clk
00:00:23]} {[%emt 00:00:06]} Rc5 {[%clk 00:00:12]} {[%emt 00:00:18]} 60. Rxc5+
{[%clk 00:00:14]} {[%emt 00:00:19]} Kxc5 {[%clk 00:00:20]} {[%emt 00:00:02]} 61.
Kxe5 {[%clk 00:00:23]} d3 {[%clk 00:00:27]} {[%emt 00:00:04]} 62. Ke4 {[%clk
00:00:28]} {[%emt 00:00:04]} d2 {[%clk 00:00:36]} 63. Ke3 {[%clk 00:00:37]}
{[%emt 00:00:02]} d1=Q {[%emt 00:00:04]} 64. f3 {[%clk 00:00:46]} Qd4+ {[%clk
00:00:50]} {[%emt 00:00:03]} 65. Ke2 {[%clk 00:00:54]} {[%emt 00:00:02]} Qxh4
{[%clk 00:00:58]} {[%emt 00:00:02]} 66. Kf1 {[%clk 00:01:03]} Qd4 {[%clk
00:01:00]} {[%emt 00:00:08]} 67. Ke2 {[%clk 00:01:12]} {[%emt 00:00:02]} Kd5
{[%clk 00:01:08]} {[%emt 00:00:02]} 68. Kf1 {[%clk 00:01:20]} {[%emt 00:00:02]}
Ke5 {[%clk 00:01:17]} 69. Ke2 {[%emt 00:00:03]} Kf4 {[%clk 00:01:23]} {[%emt
00:00:01]} 70. Kf1 {[%clk 00:01:36]} {[%emt 00:00:04]} Qa1+ {[%clk 00:01:30]}
{[%emt 00:00:03]} 71. Ke2 {[%clk 00:01:45]} Qa2+ {[%clk 00:01:36]} {[%emt
00:00:04]} 72. Kf1 {[%clk 00:01:53]} {[%emt 00:00:02]} Kg3 {[%clk 00:01:44]}
{[%emt 00:00:02]} 73. Ke1 {[%clk 00:01:52]} {[%emt 00:00:11]} Qc2 {[%clk
00:01:47]} {[%emt 00:00:07]} 74. Kf1 {[%clk 00:01:57]} {[%emt 00:00:05]} Qf2#
{[%clk 00:01:54]} {[%emt 00:00:02]} 0-1

[Event "English Schools Championship Final 2024"]
[Site "Nottingham University Kings Meadow Campus, United Kingdom"]
[Date "2024.06.27"]
[Round "3.34"]
[White "Willsher-Hughes, Tobias"]
[Black "McDonald Mupinyuri, Tj"]
[Result "0-1"]
[TimeControl "G50' + 10\" per move."]
[WhiteFideId "343428550"]
[WhiteElo "1779"]
[BlackElo "1817"]

1. e4 {[%clk 00:50:17]} {[%emt 00:00:03]} e6 {[%clk 00:50:12]} {[%emt
00:00:08]} 2. Nf3 {[%clk 00:50:18]} {[%emt 00:00:08]} d5 {[%clk 00:50:11]}
{[%emt 00:00:13]} 3. exd5 {[%clk 00:50:11]} {[%emt 00:00:17]} exd5 {[%clk
00:50:00]} {[%emt 00:00:21]} 4. d4 {[%clk 00:50:13]} {[%emt 00:00:07]} Nc6
{[%clk 00:49:43]} {[%emt 00:00:27]} 5. Bb5 {[%clk 00:50:11]} {[%emt 00:00:11]}
Bd7 {[%clk 00:48:53]} {[%emt 00:01:01]} 6. O-O {[%clk 00:49:55]} {[%emt
00:00:27]} Nf6 {[%clk 00:48:25]} {[%emt 00:00:37]} 7. Nc3 {[%clk 00:49:37]}
{[%emt 00:00:28]} a6 {[%clk 00:48:11]} {[%emt 00:00:24]} 8. Ba4 {[%clk
00:49:26]} {[%emt 00:00:22]} Be7 {[%clk 00:47:58]} {[%emt 00:00:23]} 9. Bg5
{[%clk 00:49:26]} {[%emt 00:00:09]} b5 {[%clk 00:47:08]} {[%emt 00:01:00]} 10.
Bb3 {[%clk 00:49:25]} {[%emt 00:00:10]} Be6 {[%clk 00:46:58]} {[%emt 00:00:21]}
11. Ne5 {[%clk 00:48:53]} {[%emt 00:00:42]} Qd6 {[%clk 00:46:25]} {[%emt
00:00:43]} 12. Nxc6 {[%clk 00:48:21]} {[%emt 00:00:42]} Qxc6 {[%clk 00:46:28]}
{[%emt 00:00:08]} 13. Qd3 {[%clk 00:47:54]} {[%emt 00:00:36]} O-O {[%clk
00:45:29]} {[%emt 00:01:09]} 14. Ne2 {[%clk 00:47:29]} {[%emt 00:00:35]} Qd7
{[%clk 00:44:30]} {[%emt 00:01:09]} 15. Nf4 {[%clk 00:46:00]} {[%emt 00:01:39]}
Bf5 {[%clk 00:43:20]} {[%emt 00:01:20]} 16. Qg3 {[%clk 00:45:37]} {[%emt
00:00:33]} Ne4 {[%clk 00:42:17]} {[%emt 00:01:14]} 17. Qh4 {[%clk 00:44:57]}
{[%emt 00:00:49]} Bxg5 {[%clk 00:41:36]} {[%emt 00:00:51]} 18. Qh5 {[%clk
00:44:24]} {[%emt 00:00:43]} Bg4 {[%clk 00:40:51]} {[%emt 00:00:56]} 19. Qxg4
{[%clk 00:42:55]} {[%emt 00:01:39]} Qxg4 {[%clk 00:40:45]} {[%emt 00:00:15]} 20.
Nxd5 {[%clk 00:42:50]} {[%emt 00:00:15]} Qd7 {[%clk 00:39:52]} {[%emt
00:01:03]} 21. Rfe1 {[%clk 00:42:21]} {[%emt 00:00:39]} Nd2 {[%clk 00:39:20]}
{[%emt 00:00:41]} 22. Ne3 {[%clk 00:41:36]} {[%emt 00:00:55]} Nxb3 {[%clk
00:39:17]} {[%emt 00:00:14]} 23. cxb3 {[%clk 00:41:37]} {[%emt 00:00:09]} Bxe3
{[%clk 00:38:54]} {[%emt 00:00:34]} 24. Rxe3 {[%clk 00:41:41]} {[%emt
00:00:06]} Qxd4 {[%clk 00:38:47]} {[%emt 00:00:16]} 25. g3 {[%clk 00:41:40]}
{[%emt 00:00:11]} Qxb2 {[%clk 00:38:26]} {[%emt 00:00:32]} 26. Rae1 {[%clk
00:41:41]} {[%emt 00:00:09]} h6 {[%clk 00:38:07]} {[%emt 00:00:28]} 27. R1e2
{[%clk 00:41:35]} {[%emt 00:00:16]} Qf6 {[%clk 00:37:57]} {[%emt 00:00:20]} 28.
Re7 {[%clk 00:41:29]} {[%emt 00:00:16]} Qc6 {[%clk 00:37:35]} {[%emt 00:00:32]}
29. Rd2 {[%clk 00:41:11]} {[%emt 00:00:29]} Rad8 {[%clk 00:36:32]} {[%emt
00:01:13]} 30. Rde2 {[%clk 00:41:08]} {[%emt 00:00:13]} Rfe8 {[%clk 00:36:17]}
{[%emt 00:00:25]} 31. Kf1 {[%clk 00:40:31]} {[%emt 00:00:46]} Rxe7 {[%clk
00:36:02]} {[%emt 00:00:25]} 32. Rxe7 {[%clk 00:40:26]} {[%emt 00:00:15]} Re8
{[%clk 00:35:49]} {[%emt 00:00:23]} 33. Rxe8+ {[%clk 00:40:20]} {[%emt
00:00:17]} Qxe8 {[%clk 00:35:45]} {[%emt 00:00:13]} 34. Kg2 {[%clk 00:40:21]}
{[%emt 00:00:09]} c5 {[%clk 00:35:34]} {[%emt 00:00:21]} 0-1